00588nam a2200109Ia 4500008004100000245002700041300023200068650002800300856005900328999001900387952007200406170517s9999 xx 000 0 und d aMillion Dollar Traders aEight ordinary people are given a million dollars, a fortnight of intensive training and two months to run their own hedge fund. Can they make a killing? The experiment reveals the inner workings of a City trading floor. The... xBusiness and Economics. uhttp://topdocumentaryfilms.com/million-dollar-traders/ c333276d333276 001040aCLbCLd2017-05-17l0r2017-05-17 00:00:00w2017-05-17yDF